Biblioteca mercedaria ó sea escritores de la celeste, real y militar órden de la Merced de la redención de cautivos con indicación de sus obras, tanto impresas como manuscritas ... / (Record no. 68503)

MARC details
000 -LEADER
campo de control de longitud fija 00683nam a22001575i 4500
001 - NÚMERO DE CONTROL
campo de control 68503
003 - IDENTIFICADOR DE NÚMERO DE CONTROL
campo de control ES-MaACL
007 - CAMPO FIJO DE DESCRIPCIÓN FÍSICA--INFORMACIÓN GENERAL
campo de control de longitud fija t|
008 - DATOS DE LONGITUD FIJA--INFORMACIÓN GENERAL
campo de control de longitud fija 960807s1875 sp ||||1| spa d
040 ## - FUENTE DE CATALOGACIÓN
Centro catalogador/agencia de origen CAM
Lengua de catalogación spa
Centro/agencia transcriptor CAM
100 1# - ENTRADA PRINCIPAL--NOMBRE DE PERSONA
Nombre de persona Garí y Siumell, José Antonio.
9 (RLIN) 55546
245 10 - MENCIÓN DEL TÍTULO
Título Biblioteca mercedaria ó sea escritores de la celeste, real y militar órden de la Merced de la redención de cautivos con indicación de sus obras, tanto impresas como manuscritas ... /
Mención de responsabilidad, etc. por José Antonio Garí y Siumell ... de la misma orden.
260 ## - PUBLICACIÓN, DISTRIBUCIÓN, ETC.
Lugar de publicación, distribución, etc. Barcelona :
Nombre del editor, distribuidor, etc. [s.n.],
Fecha de publicación, distribución, etc. 1875 (
Fabricante Imp. de los herederos de la viuda Pla)
300 ## - DESCRIPCIÓN FÍSICA
Extensión VII, [1] en bl., 395 p. ;
Dimensiones 22 cm.
852 ## - LOCALIZACIÓN
Ubicación ES-MaACL
Número de control de estantería G-13155
Holdings
Estatus retirado Estado de pérdida Estado de daño No para préstamo Colección Biblioteca de origen Biblioteca actual Ubicación en estantería Fecha de adquisición Fuente de adquisición Total de préstamos Signatura topográfica completa Código de barras Visto por última vez Precio de reemplazo Tipo de ítem Koha
        Libros del s. XIX Biblioteca del Ateneo de Madrid Biblioteca del Ateneo de Madrid Sala Pecera Planta 3 17/01/2008     G-13155 1071711 23/02/2023 23/02/2023 Libro impreso antiguo